Isozyme markers for distinguishing embryogenic and non-embryogenic callus during somatic embryogenesis in Hevea brasiliensis (Muell.)Arg. (Record no. 51696)

MARC details
000 -LEADER
fixed length control field 00622nam a2200205Ia 4500
100 ## - MAIN ENTRY--AUTHOR NAME
Personal name Asokan M.P.
245 #0 - TITLE STATEMENT
Title Isozyme markers for distinguishing embryogenic and non-embryogenic callus during somatic embryogenesis in Hevea brasiliensis (Muell.)Arg.
260 ## - PUBLICATION, DISTRIBUTION, ETC. (IMPRINT)
Name of publisher Journal of Tree Sciences
Year of publication 2001
300 ## - PHYSICAL DESCRIPTION
Number of Pages 78-85
650 ## - SUBJECT ADDED ENTRY--TOPICAL TERM
Topical Term Isozyme
650 ## - SUBJECT ADDED ENTRY--TOPICAL TERM
Topical Term Somatic embryogenesis
700 ## - ADDED ENTRY--PERSONAL NAME
Personal name Jayashree R.
700 ## - ADDED ENTRY--PERSONAL NAME
Personal name Jayasree P.K.
700 ## - ADDED ENTRY--PERSONAL NAME
Personal name Kala R.G.
700 ## - ADDED ENTRY--PERSONAL NAME
Personal name Narasimhan K.
700 ## - ADDED ENTRY--PERSONAL NAME
Personal name Sushamakumari S.
700 ## - ADDED ENTRY--PERSONAL NAME
Personal name Thulaseedharan A.
942 ## - ADDED ENTRY ELEMENTS (KOHA)
Koha item type Bibliography STAF
Holdings
Withdrawn status Lost status Damaged status Not for loan Home library Current library Date acquired Serial Enumeration / chronology Koha item type
      Bibliography RRII Library RRII Library 09/04/2014 Volume 20, Issue 1&2 Bibliography STAF